000 01024cam a22003014a 4500
999 _c377
_d377
001 14545458
003 OSt
005 20180816184412.0
008 060911s2005 ii ab b 001 0beng
010 _a 2006282598
020 _a8187712112
040 _aDLC
_cDLC
043 _aa-ii---
_an-us---
050 0 0 _aBV3269.P53
_bM37 2005
082 0 0 _a266.76
_aB
_222
_bM172R
100 1 _aMcPhee, Arthur G.,
_d1945-
245 1 4 _aThe road to Delhi :
_bJ. Waskom Pickett remembered /
_cArthur G. McPhee.
260 _aBangalore :
_bSAIACS Press,
_cc2005.
300 _a394 p. :
_bill., maps ;
_c22 cm.
504 _aIncludes bibliographical references (p. [384]-385) and index.
600 1 0 _aPickett, J. Waskom
_q(Jarrell Waskom),
_d1890-1981.
650 0 _aMissionaries
_zIndia
_vBiography.
650 0 _aMissionaries
_zUnited States
_vBiography.
650 0 _aMethodist Church
_zIndia
_xBishops
_vBiography.
906 _a7
_bcbc
_corignew
_d3
_encip
_f20
_gy-gencatlg
942 _2ddc
_cBK